In which city is this address of a US embassy? - Statistics

General Stats
  • This quiz has been taken 27 times
  • The average score is 9 of 20
Answer Stats
Hint Answer % Correct
110 Atatürk Blvd. Ankara
86%
877 Pretorius St Pretoria
71%
Aleje Ujazdowskie 29/31 Warsaw
71%
1-10-5 Akasaka Tokyo
67%
4-6, Dr. Liviu Librescu Blvd., Bucharest
62%
2 avenue Gabriel Paris
62%
188 Sejong-daero, Jongno-gu Seoul
57%
SES – Av. das Nações, Quadra 801, Lote 03 Brasilia
52%
Paseo de la Reforma 305 Mexico City
52%
Laufásvegur 21 Reykjavik
48%
No. 55 An Jia Lou Lu 100600 Beijing
38%
Al-Kindi Street, International Zone Baghdad
33%
Clayallee 170 Berlin
33%
7 Lang Ha Street Hanoi
33%
Km 5.7, Avenue Mohamed VI Rabat
33%
Kristalstraat 165 Paramaribo
29%
376 Jalan Tun Razak Kuala Lumpur
24%
29 Fitzherbert Terrace Wellington
24%
9 1984 Street (formerly Pushkin Street) Ashgabat
19%
Akmenų g. 6 Vilnius
19%
No matching quizzes found
Score Distribution
Percent of People with Each Score
Percentile by Number Answered
Your Score History
You have not taken this quiz